Uluburun gemisi : (Record no. 28155)
| 000 -BAŞLIK | |
|---|---|
| Sabit Uzunluktaki Kontrol Alanı | 01782nam a22003737a 4500 |
| 008 - SABİT UZUNLUKTAKİ VERİ ÖGELERİ - GENEL BİLGİ | |
| Sabit Alan | 110310b2006 tu a|||gr||||#||||0|tur | |
| 040 ## - KATALOGLAMA KAYNAĞI | |
| Özgün Kataloglama Kurumu | TR-BiSEU |
| Kataloglama Dili | tur |
| Çeviri Kurumu | TR-BiSEU |
| Açıklama Kuralları | rda |
| 001 - KONTROL NUMARASI | |
| Control Dosyası | 0028231 |
| 003 - KONTROL NUMARASI KİMLİĞİ | |
| Kontrol Alanı | KOHA_MİRAKIL |
| 005 - EN SON İŞLEM TARİHİ ve ZAMANI | |
| Kontrol Alanı | 20260207002623.0 |
| 007 - FİZİKSEL TANIM SABİT ALAN - GENEL BİLGİ | |
| Sabit uzunluklu kontrol alanı | ta |
| 020 ## - ISBN - ULUSLARARASI STANDART KİTAP NUMARASI | |
| Isbn | 3937203192 |
| Kullanılabilirlik koşulları | 14 |
| 041 0# - DİL KODU | |
| Metin ya da ses kaydının dil kodu | tur |
| 044 ## - YAYINLAYAN/ÜRETEN KURULUŞUN ÜLKE KODU | |
| ISO country code | tu |
| 050 ## - SINIFLAMA ve YER NUMARASI | |
| Sınıflama Numarası | DS156.U48 |
| Yer Numarası | S35 2006 |
| 245 0# - ESER ADI BİLDİRİMİ | |
| Başlık | Uluburun gemisi : |
| Alt Eseradı vb. | 3000 yıl önce dünya ticareti : |
| -- | 15 Ekim 2005-16 Temmuz 2006 tarihleri arasında Bochum Alman Madencilik Müzesi'nde (Deutsches Bergbau-Museum Bochum) düzenlenen serginin kataloğu/ |
| Sorumluluk Bildirimi | editör, Ünsal Yalçın, Cemal Pulak and Rainer Slotta ; çev. H. Gönül Yalçın. |
| 264 #1 - ÜRERİM, YAYIN, DAĞITIM ve TELİF BİLDİRİMİ | |
| Yayın yeri | Bochum : |
| Yayınlayan | Deutsches Bergbau-Museum ; Ege Yayınları |
| Yayın tarihi | 2006 |
| 300 ## - FİZİKSEL TANIMLAMA | |
| Sayfa, Cilt vb. | 693 sayfa : |
| Diğer fiziki detaylar | res.,hrt.; 30 cm. |
| 336 ## - İÇERİK TÜRÜ | |
| Content type term | metin |
| Content type code | txt |
| Source | rdacontent |
| 337 ## - MEDYA TÜRÜ | |
| Media type term | aracısız |
| Media type code | n |
| Source | rdamedia |
| 338 ## - TAŞIYICI TÜRÜ | |
| Carrier type term | cilt |
| Carrier type code | nc |
| Source | rdacarrier |
| 490 1# - DİZİ BİLDİRİMİ | |
| Dizi Bildirimi | Ege Yayınları.Deutsches Bergbau-Museum Bochum Yayınları ; |
| Cilt Numarası | Nr. |
| 490 1# - DİZİ BİLDİRİMİ | |
| Dizi Bildirimi | 139 |
| 500 ## - GENEL NOT | |
| Genel Not | Catalog of an exhibition held at the Deutsches Bergbau-Museum Bochum, July 15, 2005-July 16, 2006. |
| 500 ## - GENEL NOT | |
| Genel Not | Includes bibliographical references and index. |
| 500 ## - GENEL NOT | |
| Genel Not | Translation of: Das Schiff von Uluburun :Welthandel vor 3000 Jahren : Katalog der Ausstellung des Deutschen Bergbau-Museums Bochum vom 15. Juli 2005 bis 16. Juli 2006. |
| 650 #0 - KONU BAŞLIĞI EK GİRİŞ - KONU TERİMİ | |
| Konusal terim veya coğrafi ad | Shipwrecks--Turkey--Ulu, Cape--Exhibitions. |
| 9 (RLIN) | 55904 |
| 650 #0 - KONU BAŞLIĞI EK GİRİŞ - KONU TERİMİ | |
| Konusal terim veya coğrafi ad | Underwater archaeology--Turkey--Ulu, Cape--Exhibitions. |
| 9 (RLIN) | 55905 |
| 650 #0 - KONU BAŞLIĞI EK GİRİŞ - KONU TERİMİ | |
| Konusal terim veya coğrafi ad | Mediterranean Region--Commerce--History--Exhibitions. |
| 9 (RLIN) | 55906 |
| 650 #0 - KONU BAŞLIĞI EK GİRİŞ - KONU TERİMİ | |
| Konusal terim veya coğrafi ad | Turkey--Antiquities--Exhibitions. |
| 9 (RLIN) | 55907 |
| 830 1# - SERİ EK GİRİŞİ - TEKBİÇİM ESER ADI | |
| Tekbiçim Başlık | Ege Yayınları.Deutsches Bergbau-Museum Bochum Yayınları ; |
| Volume number/sequential designation | Nr. |
| 9 (RLIN) | 55908 |
| 830 1# - SERİ EK GİRİŞİ - TEKBİÇİM ESER ADI | |
| Tekbiçim Başlık | 139 |
| 9 (RLIN) | 55909 |
| 942 ## - EK GİRİŞ ÖGELERİ (KOHA) | |
| Source of classification or shelving scheme | Library of Congress Classification |
| Koha item type | Book |
| Materyal Türü | Kalıcı Konum | Mevcut Konum | Raf Yeri | Sınıflandırma Kaynağı | Edinim Bilgisi | Ana Konular | Alt Konular | Yer Numarası | Demirbaş Numarası | Fatura Tarihi | Maliyet, Alış Fiyatı | Maliyet, Yenileme Fiyatı | Geri Çekilme Durumu | Kayıp Durumu | Hasarlı Durumu | Kredi için değil | Kayıt Tarih | Toplam Ödünçverme | Son Görülme Tarihi | Son Kontrol Tarihi | Genel / Bağış Notu |
|---|---|---|---|---|---|---|---|---|---|---|---|---|---|---|---|---|---|---|---|---|---|
| Book | Prof. Dr. Azmi Özcan Kütüphanesi | Prof. Dr. Azmi Özcan Kütüphanesi | Uluğbey Salonu | Library of Congress Classification | Bağış | DÜNYA TARİHİ (AVRUPA, ASYA, AFRİKA VB.) | Asya | DS156.U48 S35 2006 | 0028231 | 02/02/2026 | 14.00 | 14.00 | 10/03/2011 | 6 | 05/12/2024 | 05/12/2024 | Genel Bağış |
